书目信息 |
| 题名: |
《古今注》校笺
|
|
| 作者: | 崔豹 撰 ;牟华林 校笺 | |
| 分册: | ||
| 出版信息: | 北京 线装书局 2015 |
|
| 页数: | 261页 | |
| 开本: | 24cm | |
| 丛书名: | ||
| 单 册: | ||
| 中图分类: | K237.106.6 | |
| 科图分类: | ||
| 主题词: | 笔记--中国--西晋时代 , 笔记--注释--中国--西晋时代 | |
| 电子资源: | ||
| ISBN: | 978-7-5120-1539-5 | |
| 000 | 00893nam0 2200265 450 | |
| 001 | 338895 | |
| 005 | 20150603103420.62 | |
| 010 | @a978-7-5120-1539-5@b精装@dCNY68.00 | |
| 100 | @a20150129d2015 em y0chiy50 ea | |
| 101 | 0 | @achi |
| 102 | @aCN@b110000 | |
| 105 | @ay z 000yy | |
| 106 | @ar | |
| 200 | 1 | @a《古今注》校笺@A《 gu jin zhu 》 jiao jian@f(晋) 崔豹撰@g牟华林校笺 |
| 210 | @a北京@c线装书局@d2015 | |
| 215 | @a261页@d24cm | |
| 300 | @a贺州学院博士科研启动基金项目资助出版 | |
| 330 | @a本书共分四部分, 包括“古今注上”、“古今注中”、“古今注下”、“附录”。主要内容有: 舆服第一、都邑第二、音乐第三、鸟兽第四、杂著第七等。 | |
| 606 | 0 | @a笔记@y中国@z西晋时代 |
| 606 | 0 | @a笔记@x注释@y中国@z西晋时代 |
| 690 | @aK237.106.6@v5 | |
| 701 | 0 | @c(晋)@a崔豹@Acui bao@4撰 |
| 702 | 0 | @a牟华林@Amu hua lin@4校笺 |
| 801 | 0 | @aCN@b卓展宏图@c20150525 |
| 905 | @dK237.106.6@e54@f4 | |
| 《古今注》校笺/(晋) 崔豹撰/牟华林校笺.-北京:线装书局,2015 |
| 261页;24cm |
| 贺州学院博士科研启动基金项目资助出版 |
| ISBN 978-7-5120-1539-5(精装):CNY68.00 |
| 本书共分四部分, 包括“古今注上”、“古今注中”、“古今注下”、“附录”。主要内容有: 舆服第一、都邑第二、音乐第三、鸟兽第四、杂著第七等。 |
| ● |
| 相关链接 |
|
|
|
|
正题名:《古今注》校笺
索取号:K237.106.6/54
 
预约/预借
| 序号 | 登录号 | 条形码 | 馆藏地/架位号 | 状态 | 备注 |
| 1 | 861037 | 208610378 | 第二样本阅览室/ [索取号:K237.106.6/54] | 在馆 | |
| 2 | 861038 | 208610387 | 密集书库-史法系/ [索取号:K237.106.6/54] | 在馆 | |
| 3 | 861039 | 208610396 | 第二借阅区/ [索取号:K237.106.6/54] | 在馆 | |
| 4 | 861040 | 208610403 | 第二借阅区/ [索取号:K237.106.6/54] | 在馆 |